| 000 | 00569nam a2200181Ia 4500 | ||
|---|---|---|---|
| 001 | 3147 | ||
| 005 | 20260306144859.0 | ||
| 008 | 260306t2016||||xx |||||||||||||| ||spa|| | ||
| 041 | _aESP | ||
| 082 |
_a261.4 _bF81 T. 2 |
||
| 100 |
_aFrancisco de Sales, San _eAUT |
||
| 245 | 0 |
_aObras selectas: _btratado del amor de Dios; Constituciones y directorio espiritual de la orden de la Visitación de Santa María - Cartas - Semblanza espistolar |
|
| 260 | _c2016 | ||
| 300 |
_axxxi, 1214 páginas : _c20 cm. |
||
| 650 | _aGEN | ||
| 654 | _aCHU | ||
| 942 |
_cLIB _dJUS _fJUS _2ddc _n |
||
| 999 |
_c3147 _d3147 |
||